<?xml version="1.0" encoding="UTF-8"?>
<marc:record xmlns:marc="http://www.loc.gov/MARC21/slim">
   <marc:leader>00000nam a2200000 a 4500</marc:leader>
   <marc:datafield ind1="1" ind2=" " tag="100">
      <marc:subfield code="a">Matthys, Angelus</marc:subfield>
   </marc:datafield>
   <marc:datafield ind1="1" ind2=" " tag="100">
      <marc:subfield code="a">Ruellels, Jean-François</marc:subfield>
   </marc:datafield>
   <marc:datafield ind1="1" ind2=" " tag="100">
      <marc:subfield code="a">Gregorius &lt;Papa, XVI.&gt;</marc:subfield>
   </marc:datafield>
   <marc:datafield ind1="1" ind2=" " tag="100">
      <marc:subfield code="a">Hecke, Joseph ¬van¬</marc:subfield>
   </marc:datafield>
   <marc:datafield ind1="1" ind2=" " tag="100">
      <marc:subfield code="a">VanDerMoere, Joseph</marc:subfield>
   </marc:datafield>
   <marc:datafield ind1=" " ind2=" " tag="653">
      <marc:subfield code="a">p||Gregorius &lt;Papa</marc:subfield>
   </marc:datafield>
   <marc:datafield ind1=" " ind2=" " tag="653">
      <marc:subfield code="a">XVI.&gt;</marc:subfield>
   </marc:datafield>
   <marc:datafield ind1=" " ind2=" " tag="653">
      <marc:subfield code="a">s||Kupferstich</marc:subfield>
   </marc:datafield>
   <marc:datafield ind1="0" ind2="0" tag="245">
      <marc:subfield code="a">Quo dies decimus quintus, et decimus sextus continentur</marc:subfield>
   </marc:datafield>
   <marc:datafield ind1="0" ind2="0" tag="245">
      <marc:subfield code="c">Collecta, Digesta, Commentariisque et Observationibus Illustrata A Josepho Vandermoere Et Josepho VanHecke, Societatis Jesu Presbyteris Theologis, Nonnullis Aliis Ex Eadem Societate Operam Conferentisbus</marc:subfield>
   </marc:datafield>
   <marc:datafield ind1=" " ind2="1" tag="264">
      <marc:subfield code="a">Bruxellis</marc:subfield>
      <marc:subfield code="b">Greuse</marc:subfield>
      <marc:subfield code="c">1845</marc:subfield>
   </marc:datafield>
   <marc:datafield ind1="1" ind2=" " tag="520">
      <marc:subfield code="a">Frontispiz (Kupferstich) https://zentralbibliothek.kapuziner.at/kupferstiche/provinzbibliothek/provinzbibliothek_4094.jpg von I. F. Ruelle sculp., Porträt (Kupferstich) von Papst Gregor XVI. https://zentralbibliothek.kapuziner.at/kupferstiche/provinzbibliothek/provinzbibliothek_4095.jpg, weitere, teilweise ganzseitige Illustrationen im Text, gelber Ledereinband auf Buchdeckeln aus Holz, Leder der Buchdeckel mit Linien, fleuralen Bordüren und Elementen verziert, Buchrücken mit 5 Bünden, Linien ober- und unterhalb der Bünde, gelben Titelschildern "BOLLAND. || OCTOBRIS DIES || 15. 16." "TOM. VII." und Signaturschild "363 (53)", zwei geschwungene Knopfschließen mit Lederscharnieren, grün marmorierte Schnittkante, 2 weiße Signakel.</marc:subfield>
   </marc:datafield>
   <marc:datafield ind1="0" ind2=" " tag="490">
      <marc:subfield code="v">7.</marc:subfield>
   </marc:datafield>
   <marc:datafield ind1=" " ind2=" " tag="300">
      <marc:subfield code="a">[6] Bl., XXXVI S., [5] Bl., 790 S., [2] Bl., S. [791] - 1189, [1] S., [22] Bl. : Ill.</marc:subfield>
   </marc:datafield>
</marc:record>
